01001nam a2200265 i 4500003001000000005001700010007000300027008004100030020001800071040003500089041000800124084001000132100004000142245019100182250002200373264006300395300009100458336002700549337003300576338002800609490002000637650003000657650003000687650001800717CO-BoRNBP20250122083828.0ta250122s2019 Uy ag||| |||| 00| 0 spa d a9789974894822 aCO-BoRNBPbspacCO-BoRNBPerda aspa aC CUE1 aEquipo Editorial Igloo Bookseautor10aPiratas despistadosb¡Con 5 sonidos superdivertidos y una canción de piratas!/cEquipo Editorial Igloo Books; traducción, Equipo Editorial Latinbooks; ilustraciones, Gabriela Tafuni aPrimera edición 4aMontevideo, Uruguay, bLatinbooks International S.A.c2019 a8 páginas, bilustraciones a color, libro sonoro, tapa dura,calto 22 cm ancho 21 cm 2rdacontentatextobtxt 2rdamediaasin mediaciónbn 2rdacarrieravolumenbnc aSonidos alegres 2LEMBaLiteratura infantil 2LEMBaCuentos con sonidos 2LEMBaPiratas